|
|
|
|
| LEADER |
00853cam a2200229 7i4500 |
| 001 |
0000008665 |
| 005 |
20170218090000.0 |
| 020 |
|
|
|a 0814404367 (hbk.)
|
| 090 |
0 |
0 |
|a HF5439.7
|b .C65 1999
|
| 100 |
1 |
|
|a Colletti, Jerome A
|
| 245 |
1 |
0 |
|a Compensating new sales roles :
|b how to design rewards that work in today's selling environment
|c Jerome A. Colletti, Mary S. Fiss ; with Wally Wood.
|
| 260 |
|
|
|a New York:
|b AMACOM,
|c 1999.
|
| 300 |
|
|
|a xix, 300 p.;
|c 26 cm.
|
| 504 |
|
|
|a Includes bibliographical references and index
|
| 650 |
0 |
0 |
|a Compensation management
|
| 650 |
0 |
0 |
|a Incentives in industry
|
| 650 |
0 |
0 |
|a Sales personnel --
|x Salaries, etc
|
| 700 |
1 |
|
|a Fiss, Mary S
|
| 700 |
1 |
|
|a Wood, Wally
|
| 997 |
|
|
|a Business & Accountancy, Faculty
|
| 998 |
|
|
|a Human Resource Management, Degree
|
| 999 |
|
|
|a 0000007651
|b BOK
|c OPEN SHELF
|e 1st Floor, Shah Alam
|